| 000 | 01398cam a22003734a 4500 | ||
|---|---|---|---|
| 999 |
_c50577 _d50577 |
||
| 001 | 13309737 | ||
| 005 | 20200217161132.0 | ||
| 008 | 030812s2004 enka b 001 0 eng | ||
| 010 | _a 2003017961 | ||
| 020 | _a0815341849 (pbk.) | ||
| 020 | _a0815341822 (hardback) | ||
| 020 | _a0815341830 (diskette) | ||
| 040 |
_aDLC _cDLC _dDLC |
||
| 041 | _aeng | ||
| 042 | _apcc | ||
| 050 | 0 | 0 |
_aQH431 _b.S787 2004 |
| 080 | _a579.2 S-88 | ||
| 082 | 0 | 0 |
_a611/.01816 _222 |
| 100 | 1 |
_aStrachan, T. _97113 |
|
| 245 | 1 | 0 |
_aHuman molecular genetics 3 / _cTom Strachan and Andrew P. Read. |
| 246 | 0 | 0 | _aHuman molecular genetics three |
| 250 | _a3rd ed. | ||
| 260 |
_aLondon ; _aNew York : _bGarland Press, _cc2004. |
||
| 300 |
_axxv, 674 p. : _bcol. ill. ; _c28 cm. |
||
| 504 | _aIncludes bibliographical references and index. | ||
| 650 | 0 |
_aHuman molecular genetics. _97114 |
|
| 653 | _aადამიანის მოლეკულური გენეტიკა | ||
| 700 | 1 |
_aRead, Andrew P., _d1939- _97115 |
|
| 856 | 4 | 2 |
_3Book review (E-STREAMS) _uhttp://www.e-streams.com/es0803/es0803_3980.html |
| 856 | 4 | 2 |
_3Publisher description _uhttp://www.loc.gov/catdir/enhancements/fy0652/2003017961-d.html |
| 906 |
_a7 _bcbc _corignew _d1 _eecip _f20 _gy-gencatlg |
||
| 942 |
_2udc _cBK |
||
| 955 |
_ajc16 2003-08-12 _cjc16 2003-08-12; _aaa07 2003-08-18 _aps12 2004-08-11 1 copy rec'd., to CIP ver. |
||